01326nam a22003015a 45000010009000000050017000090080041000260100015000670200029000820400013001110820022001241000027001462450113001732600142002863000042004285000024004705040031004945040040005256500069005656500069006346500051007036500051007546530021008056550024008269420022008509990017008729520135008891762993220140116151047.0130219t2013 xxkad frb 001 0 eng d a2013933494 a9781781951941 (hardback) aDLCcDLC04222a338.8809bJON1 aJones, Geoffrey93483710aEntrepreneurship and multinationals :bglobal business and the making of the modern world /cGeoffrey Jones. aCheltenham, United Kingdom ;aNorthampton, United States :bEdward Elga,cc.2013.e(Padstow, United Kingdom : fT. J. International Ltd.) aix, 225 p. :bchart, tables ;c24 cm. aIndex : p. 215-225. aBibliography : p. 211-214. aIncludes bibliographical reference. 0aInternational business enterprisesxHistoryy19th century934838 0aInternational business enterprisesxHistoryy20th century934839 0aEntrepreneurshipxHistoryy19th century934840 0aEntrepreneurshipxHistoryy20th century934841 bBuscJanuary2014 vreading book934232 2ddck338.8809 JON c17921d17893 00102ddc40708BaccahaMAINbMAINc1STd2014-01-16epurchasel1m1o338.8809 JONp000035334r2025-07-15 00:00:00s2018-12-23yBB